Windows system programming
This book introduce about Windows application basics, text output, dialog boxes, displaying graphics, colors and bitmaps. The address book application...
Zapisane w:
| 1. autor: | |
|---|---|
| Format: | Książka |
| Język: | Undetermined |
| Wydane: |
Grand Rapids
Abacus
1991
|
| Hasła przedmiotowe: | |
| Etykiety: |
Dodaj etykietę
Nie ma etykietki, Dołącz pierwszą etykiete!
|
| Thư viện lưu trữ: | Trung tâm Học liệu Trường Đại học Cần Thơ |
|---|
| LEADER | 00703nam a2200193Ia 4500 | ||
|---|---|---|---|
| 001 | CTU_232337 | ||
| 008 | 210402s9999 xx 000 0 und d | ||
| 082 | |a 005.43 | ||
| 082 | |b W681 | ||
| 100 | |a Wilken, Peter | ||
| 245 | 0 | |a Windows system programming | |
| 245 | 0 | |c Peter Wilken, Dirk Honekamp | |
| 260 | |a Grand Rapids | ||
| 260 | |b Abacus | ||
| 260 | |c 1991 | ||
| 520 | |a This book introduce about Windows application basics, text output, dialog boxes, displaying graphics, colors and bitmaps. The address book application... | ||
| 650 | |a Microsoft Windows (tệp máy tính),Microsoft Windows (Computer file) | ||
| 910 | |b dqhieu | ||
| 980 | |a Trung tâm Học liệu Trường Đại học Cần Thơ | ||